000 00582nam a22001937a 4500
005 20241213091404.0
008 241213b ||||| |||| 00| 0 eng d
040 _cAL
041 _aEnglish
082 _223
_a348.04
_bEASS
100 _aEastern Book Company
_9190556
245 _aSupreme Court Cases: Supplement Volume
260 _aLucknow
_bEastern Book Company
_c1984
300 _axix,763 p.
_bHB
_c24x16 cm.
365 _a1061
_b₹959.52
_c
_d₹1279.36
_e25%
_f28-11-2024
650 _aLaw
_9190557
650 _aMode of Citation 1984 Supp SCC
_9190558
942 _2ddc
_cBI
999 _c232778
_d232778